000 00320nam a22001217a 4500
008 180518b xxu||||| |||| 00| 0 eng d
041 _aeng
080 _a043.3
100 _a0
101 _aSHKI-MTH
245 _aSistemet biometrike të autentifikimit "Biometric authentification systems"
_cHashani,E
942 _2udc
_cBK
999 _c45991
_d45991